<?xml version="1.0" encoding="UTF-8"?><record xmlns="http://www.loc.gov/MARC21/slim" xmlns:zs="http://docs.oasis-open.org/ns/search-ws/sruResponse">
  <leader>02337ccm a2200553 i 4500</leader>
  <controlfield tag="001">20386154</controlfield>
  <controlfield tag="008">180305s1861    gw syl|        n  | ger  </controlfield>
  <controlfield tag="005">20260507202211.5</controlfield>
  <datafield ind1=" " ind2=" " tag="010">
    <subfield code="a">  2017563163</subfield>
  </datafield>
  <datafield ind1="2" ind2="2" tag="028">
    <subfield code="a">2646</subfield>
    <subfield code="b">J. Schuberth &amp; Co.</subfield>
  </datafield>
  <datafield ind1=" " ind2=" " tag="040">
    <subfield code="a">DLC</subfield>
    <subfield code="b">eng</subfield>
    <subfield code="e">rda</subfield>
    <subfield code="c">DLC</subfield>
  </datafield>
  <datafield ind1="0" ind2=" " tag="041">
    <subfield code="a">ger</subfield>
  </datafield>
  <datafield ind1=" " ind2=" " tag="042">
    <subfield code="a">pcc</subfield>
  </datafield>
  <datafield ind1="0" ind2="0" tag="050">
    <subfield code="a">M3.3.L77</subfield>
    <subfield code="b">F38 1861</subfield>
  </datafield>
  <datafield ind1="1" ind2=" " tag="100">
    <subfield code="a">Liszt, Franz,</subfield>
    <subfield code="d">1811-1886,</subfield>
    <subfield code="e">composer.</subfield>
  </datafield>
  <datafield ind1="1" ind2="0" tag="240">
    <subfield code="a">Faust-Symphonie</subfield>
  </datafield>
  <datafield ind1="1" ind2="5" tag="245">
    <subfield code="a">Eine Faust-Symphonie in drei Charakterbildern (nach Göthe) /</subfield>
    <subfield code="c">componirt von Franz Liszt.</subfield>
  </datafield>
  <datafield ind1=" " ind2=" " tag="250">
    <subfield code="a">Vollständige Orchestra Partitur.</subfield>
  </datafield>
  <datafield ind1=" " ind2="1" tag="264">
    <subfield code="a">Leipzig :</subfield>
    <subfield code="b">J. Schuberth &amp; Co.,</subfield>
    <subfield code="c">[1861?]</subfield>
  </datafield>
  <datafield ind1=" " ind2=" " tag="300">
    <subfield code="a">1 score (328 pages) ;</subfield>
    <subfield code="c">26 cm</subfield>
  </datafield>
  <datafield ind1=" " ind2=" " tag="336">
    <subfield code="a">notated music</subfield>
    <subfield code="2">rdacontent</subfield>
  </datafield>
  <datafield ind1=" " ind2=" " tag="337">
    <subfield code="a">unmediated</subfield>
    <subfield code="2">rdamedia</subfield>
  </datafield>
  <datafield ind1=" " ind2=" " tag="338">
    <subfield code="a">volume</subfield>
    <subfield code="2">rdacarrier</subfield>
  </datafield>
  <datafield ind1="0" ind2=" " tag="382">
    <subfield code="a">orchestra</subfield>
    <subfield code="2">lcmpt</subfield>
  </datafield>
  <datafield ind1="0" ind2=" " tag="382">
    <subfield code="b">tenor voice</subfield>
    <subfield code="n">1</subfield>
    <subfield code="a">men's chorus</subfield>
    <subfield code="v">TB</subfield>
    <subfield code="a">orchestra</subfield>
    <subfield code="2">lcmpt</subfield>
  </datafield>
  <datafield ind1=" " ind2=" " tag="383">
    <subfield code="c">LW G12</subfield>
    <subfield code="d">Eckhardt</subfield>
    <subfield code="2">mlati</subfield>
  </datafield>
  <datafield ind1=" " ind2=" " tag="383">
    <subfield code="c">S. 108</subfield>
    <subfield code="d">Searle</subfield>
    <subfield code="2">mlati</subfield>
  </datafield>
  <datafield ind1=" " ind2=" " tag="383">
    <subfield code="c">R. 425</subfield>
    <subfield code="d">Raabe</subfield>
    <subfield code="2">mlati</subfield>
  </datafield>
  <datafield ind1=" " ind2=" " tag="500">
    <subfield code="a">For orchestra only or orchestra, tenor voice, and male chorus (TB).</subfield>
  </datafield>
  <datafield ind1=" " ind2=" " tag="500">
    <subfield code="a">First edition; confer Grove.</subfield>
  </datafield>
  <datafield ind1=" " ind2=" " tag="500">
    <subfield code="a">"Hector Berlioz gewidmet"--Preliminary page.</subfield>
  </datafield>
  <datafield ind1=" " ind2=" " tag="500">
    <subfield code="a">Formerly a part of the Cedric Thorpe Davie Collection.</subfield>
    <subfield code="5">DLC</subfield>
  </datafield>
  <datafield ind1="0" ind2=" " tag="505">
    <subfield code="a">I. Faust (Allegro) -- II. Gretchen (Andante) -- III. Mephistopheles (Scherzo u. finale mit Schluss Chor) : "Alles Vergängliche ist nur ein Gleichniss."</subfield>
  </datafield>
  <datafield ind1=" " ind2=" " tag="546">
    <subfield code="a">German words Johann Wolfgang von Goethe from Faust II.</subfield>
  </datafield>
  <datafield ind1=" " ind2=" " tag="546">
    <subfield code="b">Staff notation.</subfield>
  </datafield>
  <datafield ind1="1" ind2="0" tag="600">
    <subfield code="a">Goethe, Johann Wolfgang von,</subfield>
    <subfield code="d">1749-1832</subfield>
    <subfield code="v">Musical settings.</subfield>
  </datafield>
  <datafield ind1=" " ind2="0" tag="650">
    <subfield code="a">Symphonies</subfield>
    <subfield code="v">Scores.</subfield>
  </datafield>
  <datafield ind1=" " ind2="0" tag="650">
    <subfield code="a">Choruses, Secular (Men's voices) with orchestra</subfield>
    <subfield code="v">Scores.</subfield>
  </datafield>
  <datafield ind1=" " ind2="7" tag="655">
    <subfield code="a">Symphonies.</subfield>
    <subfield code="2">lcgft</subfield>
  </datafield>
  <datafield ind1=" " ind2="7" tag="655">
    <subfield code="a">Scores.</subfield>
    <subfield code="2">lcgft</subfield>
  </datafield>
  <datafield ind1="1" ind2=" " tag="700">
    <subfield code="a">Goethe, Johann Wolfgang von,</subfield>
    <subfield code="d">1749-1832.</subfield>
    <subfield code="t">Faust.</subfield>
    <subfield code="n">2. Theil.</subfield>
  </datafield>
  <datafield ind1="1" ind2=" " tag="700">
    <subfield code="i">Inspired by (work):</subfield>
    <subfield code="a">Goethe, Johann Wolfgang von,</subfield>
    <subfield code="d">1749-1832.</subfield>
    <subfield code="t">Faust.</subfield>
  </datafield>
  <datafield ind1="1" ind2=" " tag="700">
    <subfield code="a">Berlioz, Hector,</subfield>
    <subfield code="d">1803-1869,</subfield>
    <subfield code="e">dedicatee.</subfield>
  </datafield>
  <datafield ind1="4" ind2="1" tag="856">
    <subfield code="u">https://hdl.loc.gov/loc.music/musliszt.100190</subfield>
    <subfield code="y">View online content for this title.</subfield>
  </datafield>
  <datafield ind1=" " ind2=" " tag="906">
    <subfield code="a">7</subfield>
    <subfield code="b">cbc</subfield>
    <subfield code="c">orignew</subfield>
    <subfield code="d">2</subfield>
    <subfield code="e">ncip</subfield>
    <subfield code="f">20</subfield>
    <subfield code="g">y-genmusic</subfield>
  </datafield>
  <datafield ind1="0" ind2=" " tag="925">
    <subfield code="a">acquire</subfield>
    <subfield code="b">2 shelf copies</subfield>
    <subfield code="x">policy default</subfield>
  </datafield>
  <datafield ind1=" " ind2=" " tag="955">
    <subfield code="a">vk37 2018-03-05</subfield>
    <subfield code="i">vk37 2018-03-05</subfield>
    <subfield code="e">vk37 2018-03-05 to Music Division</subfield>
  </datafield>
  <datafield ind1=" " ind2=" " tag="985">
    <subfield code="a">consortiumLC</subfield>
  </datafield>
  <datafield ind1=" " ind2=" " tag="985">
    <subfield code="a">musliszt</subfield>
  </datafield>
</record>
